| 000 | 00831cam a22002537i 4500 | ||
|---|---|---|---|
| 001 | 18892802 | ||
| 003 | NUST - PNEC | ||
| 005 | 20170116181200.0 | ||
| 008 | 151211s2013 at a 001 0 eng | ||
| 010 | _a 2011942789 | ||
| 020 | _a9781111318512 | ||
| 020 | _a1111318514 | ||
| 040 | _cLIBRARY | ||
| 082 | _a621.31924 WEL | ||
| 100 | 1 |
_aWells, Quentin, _eauthor. |
|
| 245 | 1 | 0 |
_aSMART GRID HOME _cQUENTIN WELLS. |
| 260 |
_aUSA _bDelmar Cengage Learning _cc.2013 |
||
| 300 |
_axv, 284 pages : _billustrations ; _c28 cm. |
||
| 490 | 0 | _aCengage Learning Series in Renewable Energies | |
| 500 | _aIncludes index. | ||
| 650 | 0 |
_aDwellings. _xGeneral |
|
| 856 | _uhttp://www.amazon.com/Smart-Green-Renewable-Energy-Resources/dp/1111318514/ref=sr_1_1?ie=UTF8&qid=1454991635&sr=8-1&keywords=9781111318512 | ||
| 942 |
_2ddc _cBK |
||
| 999 |
_c71411 _d71411 |
||